书目信息 |
| 题名: |
民国子午线
|
|
| 作者: | 王晓华 编 | |
| 分册: | ||
| 出版信息: | 南京 江苏美术出版社 2003.08 |
|
| 页数: | 153页 | |
| 开本: | 23cm | |
| 丛书名: | 旅游民国 | |
| 单 册: | ||
| 中图分类: | K925.31 | |
| 科图分类: | ||
| 主题词: | 古建筑--简介--南京市--民国 , 城市街道--简介--南京市--民国 | |
| 电子资源: | ||
| ISBN: | 7-5344-1580-2 | |
| 000 | 00855nam 2200277 450 | |
| 001 | 0151541872 | |
| 005 | 20050913104526.37 | |
| 010 | @a7-5344-1580-2@dCNY20.00 | |
| 100 | @a20050403d2003 km y0chiy0120 ea | |
| 101 | 0 | @achi |
| 102 | @aCN@b320000 | |
| 105 | @aach z 000yy | |
| 200 | 1 | @a民国子午线@Amin guo zi wu xian@e中山大道@f王晓华编@Fwang xiao hua bian |
| 210 | @a南京@c江苏美术出版社@d2003.08 | |
| 215 | @a153页@c图, 肖像, 摹真@d23cm | |
| 225 | 2 | @a旅游民国 |
| 314 | @a编者取自CIP | |
| 330 | @a本书图文并茂的叙述了民国子午线——中山大道的相关内容。 | |
| 410 | 0 | @12001 @a旅游民国 |
| 517 | 1 | @a中山大道@Azhong shan da dao |
| 606 | 0 | @a古建筑@x简介@y南京市@z民国 |
| 606 | 0 | @a城市街道@x简介@y南京市@z民国 |
| 690 | @aK925.31@v4 | |
| 701 | 0 | @a王晓华@Awang xiao hua@4编 |
| 801 | 0 | @aCN@bQSSK@c20050913 |
| 905 | @a10447@dK925.31@eW382 | |
| 民国子午线:中山大道/王晓华编.-南京:江苏美术出版社,2003.08 |
| 153页:图, 肖像, 摹真;23cm.-(旅游民国) |
| ISBN 7-5344-1580-2:CNY20.00 |
| 本书图文并茂的叙述了民国子午线——中山大道的相关内容。 |
| ● |
| 相关链接 |
|
|
|
正题名:民国子午线
索取号:K925.31/W382
 
预约/预借
| 序号 | 登录号 | 条形码 | 馆藏地/架位号 | 状态 | 备注 |
| 1 | 562944 | 205629444 | 社科库309/309社科库 14排2列5层/ [索取号:K925.31/W382] | 在馆 | |
| 2 | 562945 | 205629453 | 社科库309/309社科库 14排2列5层/ [索取号:K925.31/W382] | 在馆 | |
| 3 | 562946 | 205629462 | 社科库309/309社科库 14排2列5层/ [索取号:K925.31/W382] | 在馆 |